000 01742cam a22004934i 4500
003 PE-LiUPU
005 20250731173349.0
008 150706s r 000 0 d
020 _a9780310268949
035 _a(Sirsi) i9780310268949
040 _aPE-LiUPU
_bspa
_cPE-LiUPU
_erda
049 _aPRUA
082 0 4 _a220.7
_bEBUL
_221
245 0 4 _aThe expositor's Bible commentary :
_bHebrews ~ Revelation /
_cTremper Longman III y David E. Garland.
250 _a13a
264 1 _aMichigan :
_bZondervan,
_c2006.
300 _a789 páginas ;
_c24 centímetros
336 _atext
_2rdacontent
337 _aunmediated
_2rdamedia
338 _avolume
_2rdacarrier
490 0 _aThe Expositor's Bible Commentary ;
_v13
505 0 _aHebrews -- James -- 1 Peter -- 2 Peter -- 1 John -- 2 John -- Jude -- Revelation.
526 _aSEG42
526 _aSEG41
526 _aSEG40
526 _aSEG39
526 _aP94
526 _aP87
526 _aP86
526 _aP85
526 _aP77
526 _aP76
526 _aP35
541 _g104-9871792;
630 _aBiblia.
_pN.T.
_xComentarios.
700 1 _aGarland, David E.,
_eed.
700 1 _aLongman, Tremper,
_eed.
910 _agl
_bjv
_clch
_d20100212
942 _2ddc
_cBOOK
949 _a220.7 EBC 13
_wDEWEY
_c1
_i60955
_d2016-11-2
_e2016-10-31
_lCCODEBUL1
_mBUL
_n6
_p38.00
_r0
_sY
_tBOOK
_u2015-7-6
_xTEOLOGIA
_zUNKNOWN
_0COMPRA
_o.STAFF. Colección General
994 _aC0
_bPEPRU
596 _a1
999 _a220.7 EBC 13
_wDEWEY
_c50306
_i60955
_d50306
_e2019-3-14
_f2021-11-9
_g5
_lCCODEBUL1
_mBUL
_n10
_p38.00
_q12
_r0
_sY
_tBOOK
_u2015-7-6
_xTEOLOGIA
_zUNKNOWN
_0COMPRA
_o.STAFF. Colección General
980 _81
_gALBERTO SANCHEZ Responsable de Automatización